00394nam a2200145Ia 4500008004100000100001600041245008100057245001600138260002400154260000900178300000900187500000900196650002300205650002000228170224s9999 xx 000 0 und d aTodd Davies aMind change: How digital technologies are leaving their mark on our brains  cTodd Davies bNew Media & Society c2016 a18:9 a2016 xCommunication Arts xMultimedia Arts